Foundations of Marxist aesthetics

Shranjeno v:
Bibliografske podrobnosti
Glavni avtor: Zis, Auner
Format: Neznan
Jezik:English
Izdano: Moscú Progress c1977
Teme:
Oznake: Označite
Brez oznak, prvi označite!

MARC

LEADER 000000000a22000000004500
001 000015
007 ta
008 140429s1977 -ur |||f |||| 00| 0 eng d
041 0 |a inglés 
082 |a 111.85 Z81f 
100 1 |a Zis, Auner 
245 1 0 |a Foundations of Marxist aesthetics 
260 |a Moscú  |b Progress   |c c1977 
300 |a 297 páginas 
500 |a número de inscripción 05077 
650 4 |a ESTETICA COMUNISTA 
942 |2 ddc  |c BK 
999 |c 965  |d 965